Eastern Utah Libraries Catalog: Duchesne, Heber, Roosevelt, & Vernal

Wrath of the storm / (Record no. 215722)

MARC details
000 -LEADER
fixed length control field 02062nam a22005178i 4500
001 - CONTROL NUMBER
control field BK0019049824
003 - CONTROL NUMBER IDENTIFIER
control field DLC
005 - DATE AND TIME OF LATEST TRANSACTION
control field 20161108100820.0
008 - FIXED-LENGTH DATA ELEMENTS--GENERAL INFORMATION
fixed length control field 160603t20172017nyu c 000 1 eng c
010 ## - LIBRARY OF CONGRESS CONTROL NUMBER
LC control number 2016024019
020 ## - INTERNATIONAL STANDARD BOOK NUMBER
International Standard Book Number 9780545562072 : HRD
Terms of availability 16.99
020 ## - INTERNATIONAL STANDARD BOOK NUMBER
International Standard Book Number 0545562074 : HRD
Terms of availability 16.99
037 ## - SOURCE OF ACQUISITION
Source of stock number/acquisition Scholastic, Po Box 7502, Jefferson City, MO, USA, 65102
Note SAN 860-0023
040 ## - CATALOGING SOURCE
Original cataloging agency NJQ/DLC
Language of cataloging eng
Description conventions rda
Transcribing agency NJQ
050 00 - LIBRARY OF CONGRESS CALL NUMBER
Classification number PZ7.N5672
Item number Wr 2017
082 04 - DEWEY DECIMAL CLASSIFICATION NUMBER
Classification number 813.6
082 04 - DEWEY DECIMAL CLASSIFICATION NUMBER
Classification number Fic
Edition number 23
092 ## - LOCALLY ASSIGNED DEWEY CALL NUMBER (OCLC)
Classification number 813.6000
100 1# - MAIN ENTRY--PERSONAL NAME
Personal name Nielsen, Jennifer A,
Relator term author.
245 10 - TITLE STATEMENT
Title Wrath of the storm /
Statement of responsibility, etc Jennifer A. Nielsen.
250 ## - EDITION STATEMENT
Edition statement First edition.
263 ## - PROJECTED PUBLICATION DATE
Projected publication date 1702
264 #1 - Production, Publication, Distribution, Manufacture, and Copyright Notice.
Place of production, publication, distribution, manufacture New York :
Name of producer, publisher, distributor, manufacturer Scholastic Press,
Date of production, publication, distribution, manufacture, or copyr 2017.
300 ## - PHYSICAL DESCRIPTION
Extent pages cm.
336 ## - Content Type
Content type term text
337 ## - Media type
Media type term unmediated
338 ## - Carrier type
Carrier type term volume
490 1# - SERIES STATEMENT
Series statement Mark of the thief ;
Volume number/sequential designation book 3
520 ## - SUMMARY, ETC.
Summary, etc Nicolas Calva has Caesar's magic bulla, the Malice of Mars, and he has hidden the dangerous Jupiter Stone, but he still has to find a way to defeat The Mistress, a dragon who contains the soul of the vestalis Atroxia, and who hates Rome, and save his mother and friends, and maybe even the Empire itself--and he is troubled by his sneaking sympathy for Atroxia, who was unjustly condemned.
650 #0 - SUBJECT ADDED ENTRY--TOPICAL TERM
Topical term or geographic name as entry element Magic
Form subdivision Juvenile fiction.
650 #0 - SUBJECT ADDED ENTRY--TOPICAL TERM
Topical term or geographic name as entry element Amulets
Form subdivision Juvenile fiction.
650 #0 - SUBJECT ADDED ENTRY--TOPICAL TERM
Topical term or geographic name as entry element Slaves
Geographic subdivision Rome
Form subdivision Juvenile fiction.
650 #0 - SUBJECT ADDED ENTRY--TOPICAL TERM
Topical term or geographic name as entry element Dragons
Form subdivision Juvenile fiction.
650 #0 - SUBJECT ADDED ENTRY--TOPICAL TERM
Topical term or geographic name as entry element Adventure stories.
651 #0 - SUBJECT ADDED ENTRY--GEOGRAPHIC NAME
Geographic name Rome
General subdivision Antiquities
Form subdivision Juvenile fiction.
651 #0 - SUBJECT ADDED ENTRY--GEOGRAPHIC NAME
Geographic name Rome
General subdivision History
Chronological subdivision Empire, 30 B.C.-476 A.D.
Form subdivision Juvenile fiction.
650 #1 - SUBJECT ADDED ENTRY--TOPICAL TERM
Topical term or geographic name as entry element Magic
Form subdivision Fiction.
650 #1 - SUBJECT ADDED ENTRY--TOPICAL TERM
Topical term or geographic name as entry element Amulets
Form subdivision Fiction.
650 #1 - SUBJECT ADDED ENTRY--TOPICAL TERM
Topical term or geographic name as entry element Slavery
Form subdivision Fiction.
650 #1 - SUBJECT ADDED ENTRY--TOPICAL TERM
Topical term or geographic name as entry element Dragons
Form subdivision Fiction.
650 #1 - SUBJECT ADDED ENTRY--TOPICAL TERM
Topical term or geographic name as entry element Adventure and adventurers
Form subdivision Fiction.
651 #1 - SUBJECT ADDED ENTRY--GEOGRAPHIC NAME
Geographic name Rome
General subdivision History
Chronological subdivision Empire, 30 B.C.-476 A.D.
Form subdivision Fiction.
655 #7 - INDEX TERM--GENRE/FORM
Genre/form data or focus term Adventure fiction.
Source of term gsafd
655 #7 - INDEX TERM--GENRE/FORM
Genre/form data or focus term Action and adventure fiction.
Source of term lcgft
800 1# - SERIES ADDED ENTRY--PERSONAL NAME
Personal name Nielsen, Jennifer A.
Title of a work Mark of the thief ;
Volume/sequential designation bk 3.
Holdings
Withdrawn status Lost status Source of classification or shelving scheme Damaged status Not for loan Collection code Home library Current library Shelving location Date acquired Cost, normal purchase price Serial Enumeration / chronology Total Checkouts Total Renewals Full call number Barcode Date last seen Date checked out Cost, replacement price Price effective from Koha item type Source of acquisition
    Dewey Decimal Classification     Young Adult Fiction Wasatch County Library Wasatch County Library Main Floor Teen Area 10/31/2019 16.99 #3 Mark of the Thief 18 15 YA Nielsen 34301001598558 02/23/2024 06/17/2023 16.99 03/20/2020 BOOK  
    Dewey Decimal Classification     Young Adult Fiction Wasatch County Library Wasatch County Library Main Floor Teen Area 04/20/2023   #3 Mark of the Thief 4 6 YA Nielsen 34301002014449 06/30/2025 05/21/2025 8.99 04/20/2023 BOOK Amazon
This project was made possible through a grant from the Institute of Museum and Library Service administered by the Utah State Library Division.

Wasatch County Library

  • 465 East 1200 South, Heber City, Utah 84032
  • Phone 435-654-1511 | Fax 435-654-6456

Hours

  • Monday - Friday 9:30 AM - 8:00 PM
  • Saturday 9:30 AM - 1:30 PM
  • Closed Sundays and Holidays